[Event "Online Olym Div2 B 2020"]
[Site "chess.com INT"]
[Date "2020.08.16"]
[Round "8.1"]
[Board "6"]
[White "Nikitskaya, Varvara"]
[Black "Tsivelekidou, Evgenia"]
[Result "0-1"]
[WhiteElo "1173"]
[BlackElo "1993"]
[WhiteTeam "IPCA"]
[BlackTeam "Greece"]
[WhiteFideId "34420029"]
[BlackFideId "4274830"]
[EventDate "2020.08.14"]
[EventType "team"]

1. d4 Nf6 2. c4 e6 3. Nc3 Bb4 4. f3 Nh5 5. Nh3 f5 6. e4 Bxc3+ 7. bxc3 Qh4+ 8.
Nf2 fxe4 9. fxe4 O-O 10. Be3 g6 11. Qd2 Qe7 12. Bd3 b6 13. O-O Nc6 14. Ng4 Ba6
15. Rf2 Na5 16. Qe2 Rxf2 17. Bxf2 Nf4 18. Qe3 Nxd3 19. Qxd3 Bxc4 20. Qg3 d6 21.
e5 dxe5 22. Qxe5 Qg7 23. Bg3 Rc8 24. a3 Qxe5 25. Bxe5 h5 26. Nf6+ Kf7 27. Re1
Nc6 28. Nh7 Nxe5 29. Rxe5 Ke7 30. Kf2 Rh8 31. Ng5 Rf8+ 32. Nf3 Bd5 33. Ke3 Bxf3
34. gxf3 Rf5 35. f4 Rxe5+ 36. fxe5 g5 37. Ke4 c6 38. c4 h4 39. a4 a6 40. d5
cxd5+ 41. cxd5 exd5+ 42. Kxd5 b5 43. axb5 axb5 44. Kc5 g4 45. Kd4 g3 46. hxg3 h3
47. g4 h2 48. g5 h1=Q 49. g6 Qg1+ 50. Kd5 Qxg6 51. Kd4 Qb6+ 52. Kc3 b4+ 53. Kb3
Qa5 54. e6 Qa3+ 55. Kc4 b3 56. Kc3 b2+ 57. Kc2 Qa1 58. Kd2 b1=Q 59. Ke2 Qa3 60.
Kd2 Qbb2+ 61. Kd1 Qaa1# 0-1

[Event "Online Olym Div2 B 2020"]
[Site "chess.com INT"]
[Date "2020.08.16"]
[Round "8.2"]
[Board "1"]
[White "Tin, Jingyao"]
[Black "Hamitevici, Vladimir"]
[Result "0-1"]
[WhiteTitle "IM"]
[BlackTitle "GM"]
[WhiteElo "2464"]
[BlackElo "2461"]
[WhiteTeam "Singapore"]
[BlackTeam "Moldova"]
[WhiteFideId "5804418"]
[BlackFideId "13902393"]
[EventDate "2020.08.14"]
[EventType "team"]

1. d4 d6 2. Nf3 g6 3. e4 Nf6 4. Nbd2 Bg7 5. Be2 O-O 6. O-O Nc6 7. c3 Nd7 8. d5
Nce5 9. Nxe5 Nxe5 10. f4 Nd7 11. Nf3 c6 12. Be3 Nf6 13. dxc6 bxc6 14. Qc2 Qc7
15. Kh1 c5 16. Nd2 Rb8 17. Rae1 Bg4 18. Bxg4 Nxg4 19. Bg1 Qc6 20. Nc4 e6 21. Qd1
d5 22. Qxg4 dxc4 23. Qe2 Rfd8 24. Rd1 Qb5 25. h3 Rd3 26. b3 Rbd8 27. bxc4 Qd7
28. Rxd3 Qxd3 29. Qxd3 Rxd3 30. Bxc5 Rxc3 31. Rb1 h5 32. Rb4 a5 33. Ra4 Rc1+ 34.
Kh2 h4 35. Bf2 g5 36. Rxa5 gxf4 37. Rg5 Kh7 38. Rh5+ Kg6 39. Rxh4 Be5 40. Rg4+
Kh7 41. g3 f3 42. c5 Rf1 43. Be3 Ra1 44. Rh4+ Kg8 45. Rg4+ Kf8 46. h4 Rxa2+ 47.
Kh3 Re2 48. Bf4 Re1 49. Rg8+ Kxg8 0-1

[Event "Online Olym Div2 B 2020"]
[Site "chess.com INT"]
[Date "2020.08.16"]
[Round "8.2"]
[Board "2"]
[White "Schitco, Ivan"]
[Black "Liu, Xiangyi"]
[Result "1-0"]
[WhiteTitle "IM"]
[BlackTitle "IM"]
[WhiteElo "2467"]
[BlackElo "2377"]
[WhiteTeam "Moldova"]
[BlackTeam "Singapore"]
[WhiteFideId "13905465"]
[BlackFideId "8605718"]
[EventDate "2020.08.14"]
[EventType "team"]

1. d4 Nf6 2. c4 g6 3. Nf3 Bg7 4. e3 d5 5. cxd5 Nxd5 6. e4 Nb6 7. Be2 O-O 8. O-O
c5 9. d5 e6 10. Bg5 Qd6 11. Nc3 exd5 12. exd5 Bf5 13. a4 Na6 14. a5 Nc8 15. Nd2
Nb4 16. Nc4 Qd7 17. Be3 Bd4 18. Bxd4 cxd4 19. Qxd4 Nc2 20. Qf4 Nxa1 21. Rxa1 Ne7
22. g4 Bc2 23. Ne3 Bb3 24. Qb4 Bxd5 25. Rd1 Qe6 26. Ncxd5 Nxd5 27. Rxd5 Rac8 28.
Bc4 Qe4 29. b3 Rc7 30. Rd7 Qb1+ 31. Rd1 Qb2 32. Nd5 Rd8 33. Ne7+ Kg7 34. Rxd8
Qb1+ 35. Bf1 Rc1 36. Qd4+ f6 37. Rg8+ Kf7 38. Qd5+ Kxe7 39. Rg7+ 1-0

[Event "Online Olym Div2 B 2020"]
[Site "chess.com INT"]
[Date "2020.08.16"]
[Round "8.2"]
[Board "3"]
[White "Gong, Qianyun"]
[Black "Gitu, Paula-Alexandra"]
[Result "1-0"]
[WhiteTitle "WGM"]
[BlackTitle "WFM"]
[WhiteElo "2333"]
[BlackElo "2113"]
[WhiteTeam "Singapore"]
[BlackTeam "Moldova"]
[WhiteFideId "8602425"]
[BlackFideId "13904620"]
[EventDate "2020.08.14"]
[EventType "team"]

1. e4 d5 2. exd5 Qxd5 3. Nc3 Qd6 4. d4 Nf6 5. g3 c6 6. Bf4 Qd8 7. Bg2 Bf5 8. Nf3
e6 9. O-O Bd6 10. Ne5 O-O 11. Qe2 Qc7 12. Rfe1 Nbd7 13. Rad1 Rad8 14. Nxd7 Rxd7
15. Bg5 Be7 16. Nb1 Qa5 17. Bxf6 Bxf6 18. c3 Qxa2 19. Na3 Qb3 20. Ra1 a6 21. f4
Rfd8 22. g4 Bxg4 23. Qxg4 Qxb2 24. Qg3 c5 25. Nc4 Qb5 26. Ne5 Bxe5 27. dxe5 Rd3
28. Qh4 Qd7 29. Be4 Rd2 30. Qxh7+ Kf8 31. Qh8+ Ke7 32. Qxg7 Rf8 33. f5 exf5 34.
e6 Qc7 35. Qg5+ Ke8 36. exf7+ Kxf7 37. Qxd2 Rg8+ 38. Kh1 1-0

[Event "Online Olym Div2 B 2020"]
[Site "chess.com INT"]
[Date "2020.08.16"]
[Round "8.2"]
[Board "4"]
[White "Verbin, Valentina"]
[Black "Liu, Yang Hazel"]
[Result "1/2-1/2"]
[BlackTitle "WFM"]
[WhiteElo "1982"]
[BlackElo "2046"]
[WhiteTeam "Moldova"]
[BlackTeam "Singapore"]
[WhiteFideId "13905910"]
[BlackFideId "5800919"]
[EventDate "2020.08.14"]
[EventType "team"]

1. e4 c5 2. Nf3 Nc6 3. Bb5 g6 4. O-O Bg7 5. c3 e5 6. d4 cxd4 7. cxd4 Nxd4 8.
Nxd4 exd4 9. Bf4 Ne7 10. Bd6 O-O 11. Bc4 b6 12. Qg4 Bb7 13. Qg5 Re8 14. Qf4 Rf8
15. Nd2 Rc8 16. Rac1 h6 17. Nf3 Rxc4 18. Rxc4 Ba6 19. Rfc1 Bxc4 20. Rxc4 Re8 21.
Nxd4 Nc8 22. Ba3 d5 23. Rc7 Qf6 24. Qxf6 Bxf6 25. Nc6 dxe4 26. Nxa7 Nxa7 27.
Rxa7 Rc8 28. Kf1 Rc1+ 29. Ke2 Rc2+ 30. Ke3 Bxb2 31. Bxb2 Rxb2 32. a4 Rb4 33. g4
Kg7 34. a5 bxa5 35. Rxa5 Kf6 36. h4 Kg7 37. Re5 Kf6 38. Rxe4 Rb3+ 39. Ke2 Rh3
40. Rf4+ Ke6 41. Re4+ Kf6 42. Rf4+ Ke6 43. Re4+ Kf6 1/2-1/2

[Event "Online Olym Div2 B 2020"]
[Site "chess.com INT"]
[Date "2020.08.16"]
[Round "8.2"]
[Board "5"]
[White "Lee, Qing Aun"]
[Black "Macovei, Andrei"]
[Result "1-0"]
[WhiteTitle "FM"]
[BlackTitle "IM"]
[WhiteElo "2262"]
[BlackElo "2453"]
[WhiteTeam "Singapore"]
[BlackTeam "Moldova"]
[WhiteFideId "5804167"]
[BlackFideId "13904680"]
[EventDate "2020.08.14"]
[EventType "team"]

1. e4 c6 2. d4 d5 3. Nd2 dxe4 4. Nxe4 Nf6 5. Nxf6+ exf6 6. c3 Bd6 7. Bd3 O-O 8.
Ne2 Re8 9. Qc2 h5 10. Be3 Nd7 11. O-O-O Nf8 12. Ng3 g6 13. Ne4 Be6 14. Nxd6 Qxd6
15. Kb1 b5 16. g3 a5 17. Rc1 Bd5 18. Rhe1 Qe6 19. c4 bxc4 20. Bxc4 Qh3 21. Bxd5
cxd5 22. Ka1 Qxh2 23. Qc6 Qg2 24. Qxf6 Re6 25. Qf4 Rb6 26. Rc7 f6 27. Qh6 1-0

[Event "Online Olym Div2 B 2020"]
[Site "chess.com INT"]
[Date "2020.08.16"]
[Round "8.2"]
[Board "6"]
[White "Mihailova, Alina"]
[Black "Rice, Lauren"]
[Result "1-0"]
[WhiteElo "1741"]
[BlackElo "1514"]
[WhiteTeam "Moldova"]
[BlackTeam "Singapore"]
[WhiteFideId "13907018"]
[BlackFideId "5824591"]
[EventDate "2020.08.14"]
[EventType "team"]

1. d4 Nf6 2. c4 g6 3. Nf3 Bg7 4. g3 d5 5. cxd5 Nxd5 6. Bg2 O-O 7. O-O Bf5 8. e3
c5 9. dxc5 Na6 10. Nd4 Ndb4 11. Nxf5 gxf5 12. Qb3 Nd3 13. Rd1 Naxc5 14. Qc2 Qc8
15. Nc3 Nb4 16. Qe2 Rd8 17. a3 Rxd1+ 18. Qxd1 Nbd3 19. Rb1 Qe6 20. Nd5 Rd8 21.
b4 Nxc1 22. Rxc1 Nd7 23. Nf4 Qb6 24. Qd5 Ne5 25. Qxb7 Qxb7 26. Bxb7 Nd7 27. Nd5
e6 28. Ne7+ Kf8 29. Nc6 Re8 30. Nxa7 Bb2 31. Rc7 Ne5 32. a4 Ba3 33. b5 Bd6 34.
Rc8 Nd7 35. Bc6 Rxc8 36. Nxc8 Nc5 37. Nxd6 Nxa4 38. Nc8 f6 39. b6 Nxb6 40. Nxb6
Kg7 41. Kg2 Kg6 42. Nc4 Kh5 43. Bd7 h6 44. Bxe6 f4 45. exf4 f5 46. f3 Kg6 47. g4
h5 48. Bxf5+ Kh6 49. g5+ Kg7 50. Be4 h4 51. f5 h3+ 52. Kxh3 Kf7 53. Ne5+ Kg7 54.
f6+ Kf8 55. f7 Kg7 56. g6 Kf8 57. Nd7+ Kg7 58. f8=Q# 1-0

[Event "Online Olym Div2 B 2020"]
[Site "chess.com INT"]
[Date "2020.08.16"]
[Round "8.3"]
[Board "1"]
[White "Miron, Lucian-Costin"]
[Black "Kantans, Toms"]
[Result "1-0"]
[WhiteTitle "GM"]
[BlackTitle "GM"]
[WhiteElo "2507"]
[BlackElo "2499"]
[WhiteTeam "Romania"]
[BlackTeam "Latvia"]
[WhiteFideId "1210920"]
[BlackFideId "11602945"]
[EventDate "2020.08.14"]
[EventType "team"]

1. e4 c5 2. Nf3 Nf6 3. e5 Nd5 4. Nc3 e6 5. Nxd5 exd5 6. d4 Nc6 7. dxc5 Bxc5 8.
Qxd5 Qb6 9. Bc4 Bxf2+ 10. Ke2 O-O 11. Rf1 Bc5 12. Ng5 Nd4+ 13. Kd1 Ne6 14. Ne4
d6 15. exd6 Rd8 16. Qh5 Bxd6 17. Bd3 Bc7 18. Bd2 Qxb2 19. Bc3 Qa3 20. Rxf7 Be5
21. Bxe5 Rxd3+ 22. cxd3 Qxd3+ 23. Nd2 Bd7 24. Rf3 Qd5 25. Qf7+ Kh8 26. Bxg7+ 1-0

[Event "Online Olym Div2 B 2020"]
[Site "chess.com INT"]
[Date "2020.08.16"]
[Round "8.3"]
[Board "2"]
[White "Miezis, Normunds"]
[Black "Gavrilescu, David"]
[Result "0-1"]
[WhiteTitle "GM"]
[BlackTitle "IM"]
[WhiteElo "2483"]
[BlackElo "2476"]
[WhiteTeam "Latvia"]
[BlackTeam "Romania"]
[WhiteFideId "11600136"]
[BlackFideId "1227190"]
[EventDate "2020.08.14"]
[EventType "team"]

1. c4 e6 2. e4 d5 3. exd5 exd5 4. d4 Nf6 5. Nc3 Bb4 6. Bd3 O-O 7. Ne2 Re8 8.
cxd5 Nbd7 9. O-O Nb6 10. Bg5 h6 11. Bh4 Be7 12. Bg3 Nbxd5 13. Bc4 c6 14. Nf4
Nxf4 15. Bxf4 Bd6 16. Qf3 Bg4 17. Qg3 Bxf4 18. Qxf4 Qd7 19. Rfe1 Rxe1+ 20. Rxe1
Rd8 21. h3 Qxd4 22. Qc7 Rd7 23. Qc8+ Kh7 24. hxg4 Qxc4 25. Ne4 Qb4 26. Nxf6+
gxf6 27. Qe8 Qxg4 28. g3 Kg7 29. Kg2 Rd1 30. Rxd1 Qxd1 31. Qe7 Qd5+ 32. Kg1 c5
33. a3 a5 34. Qc7 a4 35. Qb6 Qb3 36. Qxc5 Qxb2 37. Kg2 b6 38. Qc4 Qxa3 39. Qg4+
Kf8 40. Qc8+ Ke7 41. Qc7+ Ke6 42. Qxb6+ Qd6 43. Qe3+ Qe5 44. Qb6+ Kf5 45. Qa7
Qe4+ 46. Kg1 Qc4 47. Qd7+ Kg6 48. f4 Qc5+ 49. Kg2 a3 50. Qg4+ Kh7 51. Qd1 a2 52.
Qb3 Qc6+ 53. Kh2 Qe6 54. Qc2+ f5 55. Qb2 h5 56. Kg2 Qa6 57. Qf6 Qxf6 0-1

[Event "Online Olym Div2 B 2020"]
[Site "chess.com INT"]
[Date "2020.08.16"]
[Round "8.3"]
[Board "3"]
[White "Bulmaga, Irina"]
[Black "Rogule, Laura"]
[Result "0-1"]
[WhiteTitle "IM"]
[BlackTitle "WGM"]
[WhiteElo "2434"]
[BlackElo "2297"]
[WhiteTeam "Romania"]
[BlackTeam "Latvia"]
[WhiteFideId "13903063"]
[BlackFideId "11601876"]
[EventDate "2020.08.14"]
[EventType "team"]

1. e4 c5 2. Be2 Nc6 3. f4 g6 4. Nf3 Bg7 5. O-O d5 6. d3 b6 7. c3 Bb7 8. e5 d4 9.
c4 Nh6 10. Na3 O-O 11. Ng5 Qd7 12. Bf3 f6 13. Bd5+ Kh8 14. Ne6 Rfe8 15. Nxg7
Kxg7 16. e6 Qc8 17. Qf3 f5 18. Bd2 Nd8 19. Rae1 Rb8 20. b4 Ng4 21. h3 Nf6 22. g4
fxg4 23. hxg4 Bxd5 24. cxd5 Qa6 25. Nc4 Qxa2 26. b5 Nb7 27. f5 g5 28. Bxg5 Rg8
29. Re2 Qb3 30. Qh3 Kh8 31. Bxf6+ exf6 32. e7 Qxb5 33. Rfe1 Rbe8 34. Rh2 Rg7 35.
Qh4 Rf7 36. Kf2 Qd7 37. Reh1 Rexe7 38. Re1 Rxe1 39. Kxe1 Qxd5 40. Re2 Qd7 41.
Re6 b5 42. Nd2 Nd8 43. Re4 a5 44. Nb3 Nb7 45. Kd1 a4 46. Nc1 b4 47. Qe1 Nd6 48.
Re6 b3 49. Kd2 c4 50. dxc4 Nxc4+ 51. Kd3 Ne5+ 52. Ke4 Qb7+ 53. Kxd4 Nf3+ 0-1

[Event "Online Olym Div2 B 2020"]
[Site "chess.com INT"]
[Date "2020.08.16"]
[Round "8.3"]
[Board "4"]
[White "Krumina, Linda"]
[Black "Peptan, Corina-Isabela"]
[Result "1/2-1/2"]
[WhiteTitle "WFM"]
[BlackTitle "IM"]
[WhiteElo "2065"]
[BlackElo "2392"]
[WhiteTeam "Latvia"]
[BlackTeam "Romania"]
[WhiteFideId "11601701"]
[BlackFideId "1201930"]
[EventDate "2020.08.14"]
[EventType "team"]

1. Nf3 d5 2. d4 c6 3. c4 Nf6 4. cxd5 cxd5 5. Nc3 Nc6 6. Bf4 a6 7. e3 Bg4 8. Qb3
Na5 9. Qa4+ Bd7 10. Qc2 Rc8 11. Bd3 e6 12. O-O Bb4 13. Rfc1 Nc4 14. Ne5 Qa5 15.
Bxc4 dxc4 16. Qe2 b5 17. Bg5 Bxc3 18. Bxf6 gxf6 19. Nxd7 Kxd7 20. Rxc3 Ke7 21.
e4 Rhd8 22. d5 b4 23. Rxc4 Rxc4 24. Qxc4 exd5 25. exd5 Rxd5 26. Rc1 Kf8 27. h4
h5 28. Qf4 Kg7 29. Qg3+ Kh7 30. Rc8 Rd8 31. Rc7 Qd5 32. Qf4 Rg8 33. g3 Rg6 34.
Qxb4 Qxa2 35. Qc5 Kg7 36. Qxh5 Qb1+ 37. Kg2 Qxb2 38. Qf3 Qe5 39. Rc6 a5 40. Ra6
Qb5 41. Qc6 Qxc6+ 42. Rxc6 Rg4 43. Ra6 Ra4 44. f3 Ra2+ 45. Kh3 Ra4 46. g4 Ra3
47. Kg3 a4 48. Kf4 Ra1 49. Kf5 a3 50. Kf4 Kg6 51. h5+ Kg7 52. Ra7 Ra2 53. Ra6
Ra1 54. Ra7 Ra2 55. Ra8 Ra1 56. Ra7 1/2-1/2

[Event "Online Olym Div2 B 2020"]
[Site "chess.com INT"]
[Date "2020.08.16"]
[Round "8.3"]
[Board "5"]
[White "Costachi, Mihnea"]
[Black "Batashevs, Arsens"]
[Result "0-1"]
[WhiteTitle "IM"]
[WhiteElo "2471"]
[BlackElo "2149"]
[WhiteTeam "Romania"]
[BlackTeam "Latvia"]
[WhiteFideId "1217518"]
[BlackFideId "11603593"]
[EventDate "2020.08.14"]
[EventType "team"]

1. d4 Nf6 2. c4 g6 3. Nc3 Bg7 4. e4 d6 5. Be2 Nbd7 6. Bg5 c5 7. d5 Qa5 8. Qd2 a6
9. f3 Rb8 10. a4 h6 11. Be3 Ne5 12. Nb1 Qxd2+ 13. Bxd2 O-O 14. Nc3 e6 15. f4
Ned7 16. dxe6 fxe6 17. Nh3 b6 18. O-O Bb7 19. Bf3 Ne8 20. Bg4 Bd4+ 21. Kh1 Ng7
22. Rae1 Rbe8 23. Bf3 Kh7 24. g3 Re7 25. b3 Ref7 26. Ne2 e5 27. Nxd4 exd4 28.
Nf2 Re8 29. Re2 a5 30. Kg2 Rfe7 31. Rfe1 Nf6 32. g4 Nd7 33. Nd3 h5 34. h3 hxg4
35. hxg4 Nf6 36. e5 Nxg4 37. Bxb7 Rxb7 38. exd6 Rxe2+ 39. Rxe2 Nf6 40. Ne5 Nf5
41. Kf3 Nxd6 42. Nc6 Nf5 43. Nd8 Re7 44. Rh2+ Kg7 45. Nc6 Re6 46. Ne5 Rd6 47.
Nd3 Nd7 48. Re2 Nf6 49. Re1 Nh4+ 50. Kg3 Nf5+ 51. Kf3 Rd8 52. Ne5 Rh8 53. Kg2
Re8 54. Kf3 Rh8 55. Kg2 Rh4 56. Nf3 Rg4+ 57. Kf2 Nh4 58. Nxh4 Rxh4 59. Re7+ Kf8
60. Re6 Kf7 61. Rxb6 Ne4+ 62. Ke1 Rh1+ 63. Ke2 Rh2+ 64. Kd3 Nxd2 65. Rb5 Nb1 66.
Rxc5 Rd2+ 67. Ke4 Nc3+ 68. Kf3 Rf2+ 69. Kg4 d3 70. Rc7+ Ke6 71. Kg3 Ne4+ 72. Kh3
d2 73. Rd7 Kxd7 0-1

[Event "Online Olym Div2 B 2020"]
[Site "chess.com INT"]
[Date "2020.08.16"]
[Round "8.3"]
[Board "6"]
[White "Golsta, Ramona"]
[Black "Lehaci, Miruna-Daria"]
[Result "1-0"]
[BlackTitle "WFM"]
[WhiteElo "1708"]
[BlackElo "2223"]
[WhiteTeam "Latvia"]
[BlackTeam "Romania"]
[WhiteFideId "11607394"]
[BlackFideId "1234765"]
[EventDate "2020.08.14"]
[EventType "team"]

1. d4 Nf6 2. Nf3 e6 3. Bg5 c5 4. e3 b6 5. Bd3 Bb7 6. O-O Be7 7. Nbd2 O-O 8. c3
Nc6 9. Rc1 cxd4 10. cxd4 Nb4 11. Bb1 Ba6 12. Re1 Nd3 13. Bxd3 Bxd3 14. Ne5 Ba6
15. Qa4 Bc8 16. e4 a6 17. Rc3 h6 18. Bh4 Nxe4 19. Nxe4 Bxh4 20. Nd6 b5 21. Nxb5
Be7 22. Rg3 Bb7 23. Nc3 d5 24. Qd1 Bh4 25. Rh3 Bf6 26. Qg4 Kh7 27. Rg3 Rc8 28.
Ne2 Qa5 29. Rf1 Rc7 30. Nf4 Rg8 31. Nxf7 g5 32. Qxe6 Rc6 33. Qf5+ Kg7 34. Nxh6
Bc8 35. Qg6+ Kf8 36. Qf7# 1-0

[Event "Online Olym Div2 B 2020"]
[Site "chess.com INT"]
[Date "2020.08.16"]
[Round "8.4"]
[Board "1"]
[White "Gazik, Viktor"]
[Black "Smirin, Ilia"]
[Result "0-1"]
[WhiteTitle "IM"]
[BlackTitle "GM"]
[WhiteElo "2502"]
[BlackElo "2612"]
[WhiteTeam "Slovakia"]
[BlackTeam "Israel"]
[WhiteFideId "14928752"]
[BlackFideId "2801990"]
[EventDate "2020.08.14"]
[EventType "team"]

1. e4 c5 2. Nc3 e6 3. f4 Nc6 4. Nf3 Nge7 5. g3 d5 6. d3 g6 7. Bg2 Bg7 8. O-O O-O
9. a4 Nb4 10. e5 Bd7 11. h3 Bc6 12. g4 d4 13. Ne4 Bxe4 14. dxe4 d3 15. c4 Nec6
16. Ra3 Nd4 17. Kh2 b6 18. Bd2 Ndc2 19. Rc3 Qd7 20. f5 exf5 21. exf5 gxf5 22.
gxf5 Qxf5 23. Ng5 Qxe5+ 24. Kh1 Rad8 25. Bf4 Qe2 26. Rb3 Qxd1 27. Rxd1 Rfe8 28.
Ne4 Rd4 29. Nd6 Re6 30. Bg3 Rexd6 31. Bxd6 Rxd6 32. Bd5 Nxd5 33. Rbxd3 Nd4 34.
cxd5 Rxd5 0-1

[Event "Online Olym Div2 B 2020"]
[Site "chess.com INT"]
[Date "2020.08.16"]
[Round "8.4"]
[Board "2"]
[White "Nabaty, Tamir"]
[Black "Ftacnik, Lubomir"]
[Result "0-1"]
[WhiteTitle "GM"]
[BlackTitle "GM"]
[WhiteElo "2635"]
[BlackElo "2510"]
[WhiteTeam "Israel"]
[BlackTeam "Slovakia"]
[WhiteFideId "2809052"]
[BlackFideId "14900017"]
[EventDate "2020.08.14"]
[EventType "team"]

1. e4 c5 2. Nf3 d6 3. d4 cxd4 4. Nxd4 Nf6 5. Bd3 e6 6. c4 Be7 7. Nc3 Nc6 8. Nde2
b6 9. O-O O-O 10. b3 Bb7 11. Bb2 Nd7 12. Qd2 a6 13. Rac1 Qb8 14. Ng3 Nc5 15. Nh5
Nxd3 16. Qxd3 g6 17. Na4 Qd8 18. Ng3 e5 19. Rcd1 Rb8 20. Ne2 Bc8 21. Nac3 b5 22.
Nd5 bxc4 23. Qxc4 Bb7 24. Nxe7+ Qxe7 25. Ba3 Rfd8 26. Rd2 Rd7 27. Rfd1 Rbd8 28.
f3 Qf6 29. Qc3 Qe6 30. Qd3 f5 31. exf5 gxf5 32. f4 Qg6 33. Qh3 d5 34. fxe5 Nxe5
35. Nd4 Qg4 36. Qe3 Ng6 37. h3 Qh5 38. Bb2 Re7 39. Qc3 Rc8 40. Qb4 f4 41. Rf1
Qg5 42. Nf3 Qf5 43. Qd4 Qe4 44. Rfd1 Qxd4+ 0-1

[Event "Online Olym Div2 B 2020"]
[Site "chess.com INT"]
[Date "2020.08.16"]
[Round "8.4"]
[Board "3"]
[White "Movsesian, Julia"]
[Black "Shvayger, Yuliya"]
[Result "0-1"]
[WhiteTitle "WGM"]
[BlackTitle "IM"]
[WhiteElo "2342"]
[BlackElo "2332"]
[WhiteTeam "Slovakia"]
[BlackTeam "Israel"]
[WhiteFideId "4139690"]
[BlackFideId "14100126"]
[EventDate "2020.08.14"]
[EventType "team"]

1. e4 c5 2. Nf3 Nc6 3. Bb5 g6 4. Bxc6 bxc6 5. d3 Bg7 6. Nc3 d6 7. h3 e5 8. Bg5
Ne7 9. Qd2 h6 10. Be3 f5 11. exf5 gxf5 12. Qe2 O-O 13. O-O Qe8 14. Kh1 Kh8 15.
Nh2 f4 16. Bd2 Rg8 17. Ne4 Nf5 18. Bc3 Qg6 19. Rg1 Nd4 20. Bxd4 cxd4 21. Rae1 d5
22. Nd2 Ba6 23. Qf3 Rgf8 24. Qd1 Rae8 25. Ndf3 c5 26. Ng4 e4 27. dxe4 dxe4 28.
Nd2 e3 29. fxe3 fxe3 30. Nf3 Bb7 31. Ngh2 Qg3 32. Qe2 Be5 33. Nxe5 Rxe5 34. Qg4
Rg5 35. Qxg3 Rxg3 36. Re2 Rf2 0-1

[Event "Online Olym Div2 B 2020"]
[Site "chess.com INT"]
[Date "2020.08.16"]
[Round "8.4"]
[Board "4"]
[White "Lahav, Michal"]
[Black "Cibickova, Zuzana"]
[Result "0-1"]
[WhiteTitle "WIM"]
[BlackTitle "WGM"]
[WhiteElo "2239"]
[BlackElo "2256"]
[WhiteTeam "Israel"]
[BlackTeam "Slovakia"]
[WhiteFideId "2813742"]
[BlackFideId "14905779"]
[EventDate "2020.08.14"]
[EventType "team"]

1. c4 e5 2. g3 Nf6 3. Bg2 c6 4. Nc3 d5 5. cxd5 cxd5 6. d4 e4 7. Bg5 Nbd7 8. Qa4
Qb6 9. Rb1 Bb4 10. Qd1 h6 11. Bxf6 Nxf6 12. Nh3 Qa5 13. O-O Bxc3 14. bxc3 Qxa2
15. Nf4 O-O 16. e3 Bg4 17. f3 exf3 18. Bxf3 Bxf3 19. Qxf3 b6 20. Rb4 Qd2 21. Rb3
Rae8 22. Ng2 Re7 23. Qf5 Rfe8 24. Qb1 Ne4 25. Rb2 Qxc3 26. Rc1 Qa3 27. Rc6 Qa6
28. Rbc2 Qd3 29. R6c3 Nxc3 0-1

[Event "Online Olym Div2 B 2020"]
[Site "chess.com INT"]
[Date "2020.08.16"]
[Round "8.4"]
[Board "5"]
[White "Sahidi, Samir"]
[Black "Gorodetzky, David"]
[Result "0-1"]
[WhiteTitle "FM"]
[BlackTitle "IM"]
[WhiteElo "2400"]
[BlackElo "2489"]
[WhiteTeam "Slovakia"]
[BlackTeam "Israel"]
[WhiteFideId "14936372"]
[BlackFideId "2813416"]
[EventDate "2020.08.14"]
[EventType "team"]

1. d4 Nf6 2. c4 e6 3. Nf3 d5 4. Bg5 dxc4 5. Qa4+ Nbd7 6. e4 a6 7. Bxc4 Rb8 8.
Qc2 h6 9. Bxf6 Nxf6 10. O-O Be7 11. Nc3 b5 12. Bd3 Bb7 13. Rfd1 O-O 14. a3 Nd7
15. b4 Bd6 16. Be2 Re8 17. Rab1 Ba8 18. a4 bxa4 19. Qxa4 Qe7 20. b5 axb5 21.
Bxb5 c6 22. Bc4 e5 23. Rxb8 Rxb8 24. d5 Nb6 25. Qa2 Bb4 26. d6 Qf6 27. Ne2 Nxc4
28. Qxc4 Bxd6 29. Ng3 g6 30. h4 h5 31. Qa6 Rd8 32. Rc1 Bf8 33. Qb6 Be7 34. Qc7
Qd6 35. Qa7 c5 36. Ng5 Bxg5 37. hxg5 Rc8 38. Qa4 Qd2 39. Rd1 Qxg5 40. Qd7 Rf8
41. Qd3 Qg4 42. Re1 Rc8 43. Qc4 h4 44. Nf1 h3 45. Ng3 hxg2 46. Kxg2 Kg7 47. Rh1
Rd8 48. Re1 Rd4 49. Qxc5 Rxe4 50. Rxe4 Bxe4+ 51. Kh2 Qf4 52. Kg1 Bf3 53. Qc3 Bg4
54. Qe1 Be6 55. Qc3 Kh7 56. Qe1 f6 57. Qa1 Qd4 58. Qb1 Bd5 59. Qc1 Qc4 60. Qd1
Bf7 61. Qe1 Qd5 62. Qc1 f5 63. Qg5 f4 64. Nf1 Qe4 65. Qf6 Qf5 66. Qh4+ Kg7 67.
Nh2 g5 68. Qg4 Qxg4+ 69. Nxg4 e4 70. Ne5 Kf6 71. Ng4+ Ke6 72. f3 Bh5 73. Nh2
Bxf3 74. Kf2 Kf5 75. Nf1 Bh5 76. Kg1 e3 77. Nh2 Ke4 78. Kf1 Kd3 79. Ke1 e2 80.
Kf2 Kd2 81. Kg2 e1=Q 82. Nf1+ Kd3 83. Kh2 Qf2+ 84. Kh3 g4# 0-1

[Event "Online Olym Div2 B 2020"]
[Site "chess.com INT"]
[Date "2020.08.16"]
[Round "8.4"]
[Board "6"]
[White "Levitan, Ronit"]
[Black "Ferkova, Dominika"]
[Result "1/2-1/2"]
[WhiteTitle "WCM"]
[BlackTitle "WFM"]
[WhiteElo "2005"]
[BlackElo "2111"]
[WhiteTeam "Israel"]
[BlackTeam "Slovakia"]
[WhiteFideId "2815109"]
[BlackFideId "14933071"]
[EventDate "2020.08.14"]
[EventType "team"]

1. e4 c6 2. d4 d5 3. exd5 cxd5 4. c4 Nf6 5. Nc3 e6 6. Nf3 Bb4 7. c5 O-O 8. Bd3
b6 9. cxb6 axb6 10. O-O Bxc3 11. bxc3 Ba6 12. Bg5 Nbd7 13. Bxa6 Rxa6 14. Qd3 Qa8
15. Ne5 Rxa2 16. Rxa2 Qxa2 17. Nxd7 Nxd7 18. Qb5 Qa7 19. Rb1 h6 20. Be3 Rc8 21.
Qb2 Ra8 22. h3 Qa3 23. Qb5 Qa4 24. Qd3 Qc6 25. Rc1 Ra3 26. Bf4 b5 27. Qg3 Kh7
28. Qd3+ Kh8 29. Qd2 Qc4 30. Bxh6 gxh6 31. Qxh6+ Kg8 32. Qg5+ 1/2-1/2